MARC

LEADER 00000nas a2200000 a 4500
001 ssj0001576
003 WaSeSS
005 20200512172242.0
006 m d
007 cr n
008 060712c19369999dcudn ss l f0 a0eng c
010 |a  2009230072  |z  36026246   |z sn 84011982   |z  37026811   |z sc 77001039  
016 7 |a 7808722  |2 DNLM 
016 7 |a F03600000  |2 DNLM 
022 |a 2167-2520  |y 0097-6326 
030 |a FEREAC 
035 |a (WaSeSS)ssj0001576 
037 |a 769-004-00000-9  |b Paper subscription available from: Superintendent of Documents, P.O. Box 371954, Pittsburgh, PA 15250-7954 
040 |a GPO  |b eng  |c GPO  |d SYB  |d GPO  |d DLC  |d OCLCQ  |d OCLCF  |d GPO  |d OCLCS  |d NYDWH  |d STF  |d GUL  |d EMI  |d OCLCE  |d GPO  |d DOS  |d OCLCO  |d INR  |d IXA  |d COO  |d OCLCO  |d OCL  |d OCLCQ  |d OCL  |d OCLCO  |d OCLCQ  |d OCLCO  |d OCLCQ  |d GPO  |d DGU  |d PLL  |d OCLCO  |d IOL  |d IQW  |d ZAC  |d LNC  |d OCLCO  |d OCLCA  |d BUF  |d LUE  |d OCLCO  |d BRL  |d NKF  |d FBM  |d GML  |d ZWU  |d NIE  |d OCLCO  |d VGM  |d MDY  |d TEU  |d NJK  |d SPI  |d OCLCO  |d IAS  |d OCLCO  |d SOI  |d AZP  |d OCLCO  |d TXR  |d OCLCO  |d NJR  |d GILDS  |d U3W  |d OCLCO  |d OCLCQ  |d QE2  |d OKL  |d CIT  |d SFB  |d UAB  |d INARC  |d UEJ  |d Z5A  |d LND  |d J9U  |d VPW  |d BOL  |d OCLCQ  |d UUM  |d OCLCO  |d VT2  |d OCLCA  |d YOU  |d COM  |d LUO  |d NFS  |d IUK  |d OCLCO  |d GXR  |d OCLCO  |d WaSeSS 
042 |a pcc  |a nsdp  |a dlr 
043 |a n-us--- 
050 4 |a KF70  |b .A2 
074 |a 0573-F (online) 
082 1 0 |a 342  |2 14 
086 0 |a AE 2.106: 
222 0 |a Federal register  |b (Online) 
245 0 0 |a Federal register  |h [electronic resource]. 
260 |a [Washington, D.C.] :  |b [Office of the Federal Register, National Archives and Records Administration] 
310 |a Daily (except Saturday, Sunday, and Federal holidays) 
362 1 |a Print began with vol. 1, no. 1 (Mar. 14, 1936). 
500 |a Electronic code of federal regulations is an unofficial compilation of Federal register amendments. 
506 |a License restrictions may limit access. 
538 |a Master and use copy. Digital master created according to Benchmark for Faithful Digital Reproductions of Monographs and Serials, Version 1. Digital Library Federation, December 2002.  |u http://purl.oclc.org/DLF/benchrepro0212  |5 MiAaHDL 
583 1 |a digitized  |c 2011  |h HathiTrust Digital Library  |l committed to preserve  |2 pda  |5 MiAaHDL 
588 |a Description based on: Vol. 59, issue 1 (Jan. 3, 1994); title from table of contents page (viewed Feb. 4, 2014). 
588 |a Latest issue consulted: Vol. 79, no. 105 (June 2, 2014) (viewed June 2, 2014). 
650 0 |a Delegated legislation  |z United States  |v Periodicals. 
650 0 |a Administrative law  |z United States  |v Periodicals. 
650 7 |a Administrative law  |2 fast  |0 (OCoLC)fst00796846 
650 7 |a Delegated legislation.  |2 fast  |0 (OCoLC)fst00889920 
650 1 7 |a ADMINISTRATIVE LAW.  |2 unbist 
650 1 7 |a RULES AND REGULATIONS.  |2 unbist 
650 1 7 |a UNITED STATES.  |2 unbist 
650 2 |a Government. 
650 2 |a Government Agencies. 
650 2 |a Legislation as Topic. 
651 7 |a United States.  |2 fast  |0 (OCoLC)fst01204155 
651 2 |a United States. 
655 0 |a Electronic journals. 
710 1 |a United States.  |b Office of the Federal Register. 
710 2 |a National Archives (U.S.) 
776 0 8 |i Print version:  |t Federal register  |x 0097-6326  |w (DLC) 36026246  |w (OCoLC)1768512 
776 0 8 |i Microfiche version:  |t Federal register  |w (DLC)sf 84019134  |w (OCoLC)9090879 
787 1 |t Electronic code of federal regulations  |x 2167-2512  |w (DLC) 2012230598  |w (OCoLC)614000753 
856 4 0 |z Full text available from Research Library: 09/27/2005 to present  |u https://search.proquest.com/publication/28411